00872cam a22002411 4500001001300000003000400013005001700017008004100034010001700075035001900092040004000111042001200151050001600163100002000179245010300199260004600302300001700348410006700365505010900432650003100541700004100572999001700613pa 67000008 DLC20260227111857.0770407s1967 dcu 000 0 spa c apa 67000008  a(OCoLC)2869253 aPan American Union.cTxdOCoLCdDLC apremarc00aZ695b.R6831 aRovira, Carmen.10aLista de encabezamientos de materia para bibliotecas.cCompilada por Carmen Rovira y Jorge Aguayo. aWashington,bUnión Panamericana,c1967. a3 v.c28 cm.20aColumbus Memorial Library.tManuales del bibliotecario,vno. 60 av. 1. A-H.--v. 2. I-Z.--v. 3. Indice de los encabezamientos en inglés y sus equivalentes en español. 0aSubject headings, Spanish.1 aAguayo, Jorge,d1903-ejoint author. c51602d51602